[Event "Padova op-B 15th"]
[Site "Padova"]
[Date "2012.12.15"]
[Round "1"]
[White "Castaldini, Marzia"]
[Black "Negro, Raffaele"]
[Result "0-1"]
[WhiteElo "1545"]
[BlackElo "1826"]
[PlyCount "64"]
[EventDate "2012.12.15"]
[EventType "swiss"]
[EventRounds "6"]
[EventCountry "ITA"]
[SourceTitle "EXT 2015"]
[Source "ChessBase"]
[SourceDate "2014.11.20"]
[SourceVersion "1"]
[SourceVersionDate "2014.11.20"]
[SourceQuality "1"]

1. e4 g6 2. d4 Bg7 3. Nf3 d6 4. h3 Nd7 5. Nc3 e6 6. Be2 Ne7 7. Be3 a6 8. Qd2 h6 9. 0-0-0 b5 10. g4 Bb7 11. Bd3 Nb6 12. Qe2 Qd7 13. e5 d5 14. h4 b4 15. Nb1 Qa4 16. a3 bxa3 17. Nxa3 0-0 18. Nd2 Nc4 19. Ndb1 Qb4 20. Nxc4 dxc4 21. Bd2 Qb6 22. Be4 Bxe4 23. Qxe4 Rab8 24. Bc3 Nd5 25. Qe1 h5 26. gxh5 Bh6+ 27. Rd2 Nxc3 28. Nxc3 Qxb2+ 29. Kd1 Qxc3 30. Ke2 Bxd2 31. Qxd2 Qxd2+ 32. Kxd2 gxh5 0-1

[Event "Noale Szabados Memorial-B 5th"]
[Site "Noale"]
[Date "2012.02.04"]
[Round "2"]
[White "Castaldini, Marzia"]
[Black "Scardino, Paolo"]
[Result "1/2-1/2"]
[WhiteElo "1537"]
[BlackElo "1935"]
[PlyCount "39"]
[EventDate "2012.02.03"]
[EventType "swiss"]
[EventRounds "5"]
[EventCountry "ITA"]
[SourceTitle "EXT 2022"]
[Source "ChessBase"]
[SourceDate "2021.10.06"]
[SourceVersion "1"]
[SourceVersionDate "2021.10.06"]
[SourceQuality "1"]

1. e4 g6 2. d4 Bg7 3. Nf3 c5 4. Be2 b6 5. Nc3 Bb7 6. d5 d6 7. 0-0 Nf6 8. Bg5 0-0 9. Qd2 Re8 10. Bh6 Bh8 11. Ng5 Na6 12. f4 Nd7 13. f5 Ne5 14. Bb5 Rf8 15. Bxf8 Qxf8 16. fxg6 hxg6 17. Qf4 Bf6 18. Nh3 Nc7 19. Be2 Qg7 20. Qg3 1/2-1/2

[Event "Padova/Monselice Province 70th"]
[Site "Padova"]
[Date "2010.02.15"]
[Round "1.7"]
[White "Castaldini, Marzia"]
[Black "Rosina, Graziano"]
[Result "0-1"]
[WhiteElo "1440"]
[BlackElo "1827"]
[PlyCount "66"]
[EventDate "2010.01.15"]
[EventType "swiss"]
[EventRounds "5"]
[EventCountry "ITA"]
[SourceTitle "EXT 2024"]
[Source "ChessBase"]
[SourceDate "2023.10.10"]
[SourceVersion "1"]
[SourceVersionDate "2023.10.10"]
[SourceQuality "1"]

1. e4 e5 2. Nf3 Nf6 3. d4 Nxe4 4. dxe5 d5 5. exd6 Nxd6 6. Nc3 Be7 7. Be2 0-0 8. h3 Nc6 9. 0-0 Bf5 10. a3 Bf6 11. Nb5 Re8 12. c3 a6 13. Nxd6 Qxd6 14. Be3 Qe7 15. Qc1 Na5 16. Nd2 Bg5 17. b4 Bxe3 18. fxe3 Qxe3+ 19. Rf2 Nc6 20. Nf1 Qxc1 21. Rxc1 Bg6 22. Rd1 Rad8 23. Rxd8 Rxd8 24. g4 Bd3 25. Ng3 Bxe2 26. Nxe2 Rd3 27. h4 Ne5 28. Rf4 Nf3+ 29. Kf2 Nxh4 30. g5 Ng6 31. Rd4 Rxd4 32. Nxd4 Ne5 33. Ke3 Nc4+ 0-1